Geography Quiz

Random Geography or Asia Quiz

10 Smallest Countries in Asia Quiz Stats

 Plays Quiz Updated Jul 24, 2014

Support Sporcle.
Go Orange.
Score 0/10 Timer 04:00
11 Plays Today
% Correct
Brunei
85.8%
Qatar
84.3%
Bahrain
82.6%
Maldives
80.8%
Timor-Leste
79.4%
Palestine
78.6%
Singapore
78.4%
Kuwait
76%
Israel
57.9%
Lebanon
48.4%

You're not logged in!

Compare scores with friends on all Sporcle quizzes.
OR
Log In

From the Vault

Boy Meets World Characters

by Dougie_fresh4539

We haven't seen Girl Meets World yet, are we missing out?
Remove Ads.
Support Sporcle.
Get the best of Sporcle when you Go Orange. This ad-free experience offers more features, more stats, and more fun while also helping to support Sporcle. Thank you for becoming a member.

Show Comments

Extras

Top Quizzes Today


Score Distribution

Your Account Isn't Verified!

In order to create a playlist on Sporcle, you need to verify the email address you used during registration. Go to your Sporcle Settings to finish the process.

Report this User

Report this user for behavior that violates our Community Guidelines.

Details: